00542cam a22001934a 450000100070000000500170000700800410002401000170006502000400008203500210012204000180014304100080016104200080016908000200017708200240019710000060022110100080022724501130023520011620180228033132.0990715s1999 paua 001 0 eng  a 99039654  a1579541208 (hardcover : alk. paper) a(DLC) 99039654 aDLCcDLCdDLC aeng apcc a613.04244 JUL00a613.04244 JUL2211 a4 aSHM10aGrowing younger :cby Julia Van Tine, Bridget Doherty, and the editors of Prevention Health Books for women.